书目信息 |
| 题名: |
最优化方法选讲
|
|
| 作者: | 张树云 主编 | |
| 分册: | ||
| 出版信息: | 石家庄 河北科学技术出版社 1994 |
|
| 页数: | 359页 | |
| 开本: | 20cm | |
| 丛书名: | ||
| 单 册: | ||
| 中图分类: | O242.23 | |
| 科图分类: | 51.81 | |
| 主题词: | 最优化算法--高等师范教育--教材 | |
| 电子资源: | ||
| ISBN: | 7-5375-1340-6 | |
| 000 | 00677nam0 2200229 45 | |
| 001 | 0197009476 | |
| 005 | 20070721094422.81 | |
| 010 | @a7-5375-1340-6@z7-5375-1340-2@dCNY7.10 | |
| 100 | @a19970404d1994 em y0chiy0121 ea | |
| 101 | 0 | @achi |
| 102 | @aCN@b130000 | |
| 105 | @ay z 000yy | |
| 200 | 10 | @a最优化方法选讲@Azui you hua fang fa xuan jiang@f张树云主编 |
| 210 | @a石家庄@c河北科学技术出版社@d1994@h1996 | |
| 215 | @a359页@d20cm | |
| 300 | @a河北省中学教师进修高等师范专科教材 | |
| 606 | @a最优化算法@x高等师范教育@x教材 | |
| 690 | @aO242.23@v3 | |
| 692 | @a51.81 | |
| 701 | 0 | @a张树云@Azhang shu yun@4主编 |
| 801 | 0 | @aCN@bTSSF@c20070721 |
| 905 | @a10447@dO242.23@e29 | |
| 最优化方法选讲/张树云主编.-石家庄:河北科学技术出版社,1994(1996) |
| 359页;20cm |
| 河北省中学教师进修高等师范专科教材 |
| ISBN 7-5375-1340-6:CNY7.10 |
| ● |
| 相关链接 |
|
|
|
|
正题名:最优化方法选讲
索取号:O242.23/29
 
预约/预借
| 序号 | 登录号 | 条形码 | 馆藏地/架位号 | 状态 | 备注 |
| 1 | 0766004 | 207660048 | 密集书库/ [索取号:O242.23/29] | 在馆 | |
| 2 | 0766620 | 207666202 | 密集书库/ [索取号:O242.23/29] | 在馆 | |
| 3 | 0766765 | 207667657 | 第二样本阅览室/ [索取号:O242.23/29] | 在馆 | |
| 4 | 0769252 | 207692521 | 密集书库/ [索取号:O242.23/29] | 在馆 |